000 00707nam a2200205Ia 4500
003 GCL
008 140319s9999 xx 000 0 ara d
040 _aGCL /
_cGCL
082 0 4 _a811.72
_bا ش
100 1 _aابراهيم الدسوقى جادالرب
245 1 0 _aشاعر الدولة الفاطمية تميم بن المعز /
_cابراهيم الدسوقى جادالرب
260 _a[S.N] :
_bجامعة القاهرة - كلية الاداب ،
_c1990
300 _a249 ص
490 _a
650 0 4 _aالادب العربى
650 0 4 _aالدولة الفاطمية
650 0 4 _aالشعر - دواوين و قصائد
650 0 4 _aتميم ابن المعز
942 _2ddc
_cBK
999 _c35440
_d35440